| 000 | 00644nam a2200241Ia 4500 | ||
|---|---|---|---|
| 003 | OSt | ||
| 005 | 20221005124235.0 | ||
| 006 | a|||||r|||| 00| 0 | ||
| 007 | ta | ||
| 008 | 221004b |||||||| |||| 00| 0 eng d | ||
| 024 | _a63083 | ||
| 037 | _cTextual | ||
| 040 |
_aCRL _cCRL _beng |
||
| 041 |
_2eng _aeng |
||
| 082 | _aV231:28-8:M7, A | ||
| 110 |
_aBombay (Presidency), Governor (Richard Temple). _9634905 |
||
| 245 | 0 | _aMinutes 1877 | |
| 260 | _c1870 | ||
| 650 | _aHISTORY | ||
| 700 |
_aBombay (Presidency), Governor (Richard Temple). _9634906 |
||
| 942 |
_hV231:28-8:M7, A _cTEXL _2cc |
||
| 999 |
_c1049856 _d1049856 |
||